Lôgic học đại cương
Những khái niệm về lôgíc học, cơ sở lí luận chung, phương pháp nhận thức khoa học, phương pháp chứng minh, phương pháp xác nhận giả thuyết
Đã lưu trong:
| Tác giả chính: | |
|---|---|
| Định dạng: | Sách |
| Ngôn ngữ: | Vietnamese |
| Được phát hành: |
H.
Đại học Sư phạm
2004
|
| Những chủ đề: | |
| Các nhãn: |
Thêm thẻ
Không có thẻ, Là người đầu tiên thẻ bản ghi này!
|
| Thư viện lưu trữ: | Mạng thư viện Đại học Đà Nẵng |
|---|
| LEADER | 01276nam a2200349 4500 | ||
|---|---|---|---|
| 001 | 000006210 | ||
| 003 | 2365 | ||
| 005 | 20120321080330.0 | ||
| 008 | 110905s2004 viesd | ||
| 020 | |c 18000đ | ||
| 041 | 0 | |a vie | |
| 082 | |a 160 |b VƯ-Đ | ||
| 100 | 0 | |a Vương Tất Đạt | |
| 245 | 0 | |a Lôgic học đại cương |c Vương Tất Đạt | |
| 260 | |a H. |b Đại học Sư phạm |c 2004 | ||
| 300 | |a 228 tr |b hình vẽ |c 21 cm | ||
| 520 | |a Những khái niệm về lôgíc học, cơ sở lí luận chung, phương pháp nhận thức khoa học, phương pháp chứng minh, phương pháp xác nhận giả thuyết | ||
| 653 | |a Logic học | ||
| 653 | |a Đại cương | ||
| 653 | |a Giáo dục | ||
| 700 | |a Vương Tất Đạt |e tác giả | ||
| 910 | |a Nguyễn Thị Kim Oanh |d 05/09/2011 | ||
| OWN | |a LSP | ||
| AVA | |a UDN50 |b LSP |d 160 VƯ-Đ |e check_holdings |t Error 5003 Not defined in file expand_doc_bib_avail. |h N |k 1 | ||
| 999 | |a From the UDN01 | ||
| AVA | |a UDN50 |b LSP |d 160 VƯ-Đ |e available |t Error 5001 Not defined in file expand_doc_bib_avail. |f 152 |g 54 |h N |i 45 |k 1 | ||
| TYP | |a Monograph | ||
| TYP | |a Printed language | ||
| 980 | |a Mạng thư viện Đại học Đà Nẵng | ||